[Event "Navarra-chT"]
[Site "Navarra"]
[Date "2016.11.05"]
[Round "5.8"]
[White "Jeddi, Abdelkader"]
[Black "Cloete, Herman Hubert"]
[Result "1-0"]
[WhiteElo "1601"]
[BlackElo "1655"]
[PlyCount "59"]
[EventDate "2016.10.08"]
[EventType "team-tourn"]
[EventRounds "7"]
[EventCountry "ESP"]
[SourceTitle "CBM 175 Extra"]
[Source "ChessBase"]
[SourceDate "2016.12.12"]
[SourceVersion "1"]
[SourceVersionDate "2016.12.12"]
[SourceQuality "1"]
[WhiteTeam "Runa"]
[BlackTeam "Paz de Ziganda"]
[WhiteTeamCountry "ESP"]
[BlackTeamCountry "ESP"]

1. d4 Nf6 2. Nf3 e6 3. c4 c5 4. Nc3 d6 5. dxc5 d5 6. cxd5 exd5 7. Bg5 Be7 8. e3 0-0 9. Be2 Bxc5 10. 0-0 Be6 11. Qc2 Nbd7 12. Rad1 a6 13. Nd4 Qe8 14. Bf4 Rc8 15. Bf3 Nb6 16. Nf5 Qd7 17. Ng3 Rfd8 18. Be5 Be7 19. Qb1 Ng4 20. Bd4 Bd6 21. Bxb6 Bxg3 22. hxg3 Re8 23. Bd4 Bf5 24. Qc1 Qe6 25. Qd2 Qh6 26. Bxg4 Bxg4 27. f3 Bh5 28. g4 Bg6 29. Qf2 Re6 30. Qg3 1-0